000 01192nam a2200133Ia 4500
008 220620s9999||||xx |||||||||||||| ||und||
020 _a9783040000000
245 0 _aEmbedded Pharmacists in Primary Care
546 _aEnglish[eng]
650 _adiabetes||hypertension||dyslipidemia||primary care||family medicine||comprehensive medication management||primary health care||pharmacy||evidence-based pharmacy practice||health outcomes||academic||dissemination||practice transformation||implementation science||quality improvement||pharmacist||collaborative practice agreement||patient care extender||electronic health record||electronic dashboard||medical education||graduate medical education||interprofessional||ambulatory pharmacy||practice growth||academic medical center||innovative practice||comprehensive medications management||practice management||ambulatory care||clinical pharmacy||chronic care management||team-based primary care||pharmacist in primary care||n/a||primary care team pharmacist||pharmacist-physician collaboration||interprofessional collaboration
700 _aMacKinnon III, PhD||Lamberton, PharmD
856 _uhttps://mdpi.com/books/pdfview/book/3825
942 _cEB
999 _c29045
_d29045